000 00393nam a2200145Ia 4500
008 231129s1992||||xx |||||||||||||| ||spa||
020 _a968-422-674-8
040 _bspa
082 _a620.7 P935i
100 _aPressman Roger S
245 0 _aIngenieria del Software : Un enfoque practico
260 _c1992
264 _aMcGraw-Hill
942 _2ddc
_cBKS
999 _c15686
_d15686